Click Megacities on the World Map - Statistics

General Stats
  • This quiz has been taken 67 times
  • The average score is 41 of 45
Answers on the Map
Answers color-coded by a green-red scale on the quiz's map according to % correct below.
 
Answer Stats
Answer % Correct
Lima
100%
Bangkok
98%
Buenos Aires
98%
Cairo
98%
Istanbul
98%
Jakarta
98%
Johannesburg
98%
London
98%
Los Angeles
98%
Mexico City
98%
Moscow
98%
New York City
98%
Osaka
98%
Paris
98%
Rio de Janeiro
98%
Sao Paulo
98%
Seoul
98%
Tokyo
98%
Lagos
96%
Manila
96%
Mumbai
96%
Bogota
94%
Dhaka
94%
Ho Chi Minh City
94%
Tehran
94%
Chongqing
92%
Delhi
92%
Kinshasa
92%
Nagoya
92%
Bangaluru
90%
Shanghai
88%
Guangzhou
86%
Hyderabad
86%
Karachi
86%
Kolkata
86%
Changsha
84%
Lahore
84%
Wuhan
84%
Hangzhou
82%
Beijing
80%
Chennai
80%
Xian
76%
Tianjin
67%
Chengdu
65%
Xiamen
65%
No matching quizzes found
Score Distribution
Percent of People with Each Score
Percentile by Number Answered
Your Score History
You have not taken this quiz